Official Basketball Rules 2022 / (Record no. 13540)
[ view plain ]
| 000 -LEADER | |
|---|---|
| fixed length control field | 00748cam a2200265 a 4500 |
| 001 - CONTROL NUMBER | |
| JCCL Control Number | 13540 |
| 003 - CONTROL NUMBER IDENTIFIER | |
| JCCL marc code | BD-JhCC |
| 005 - DATE AND TIME OF LATEST TRANSACTION | |
| control field | 20240121123443.0 |
| 008 - FIXED-LENGTH DATA ELEMENTS--GENERAL INFORMATION | |
| fixed length control field | 931104s1991 xnaa 00010 eng d |
| 020 ## - INTERNATIONAL STANDARD BOOK NUMBER | |
| International Standard Book Number | 0959071121 |
| 035 ## - SYSTEM CONTROL NUMBER | |
| system control number | (BD-JhCC)13540 |
| 040 ## - CATALOGING SOURCE | |
| Original cataloging agency | AAIS |
| Transcribing agency | AAIS |
| Modifying agency | BD-JhCC |
| 041 ## - LANGUAGE CODE | |
| Language code of Book | eng |
| 050 00 - LIBRARY OF CONGRESS CALL NUMBER | |
| Classification number | GV885 |
| 082 ## - DEWEY DECIMAL CLASSIFICATION NUMBER | |
| Classification number | 796.32 |
| Author mark and Year | FIB 2022 |
| 110 2# - MAIN ENTRY--CORPORATE NAME | |
| Corporate name or jurisdiction name as entry element | Basketball Australia. |
| 245 10 - TITLE STATEMENT | |
| Title | Official Basketball Rules 2022 / |
| Statement of responsibility, etc | FIBA Central Board. |
| 260 ## - PUBLICATION, DISTRIBUTION, ETC. (IMPRINT) | |
| Place of publication, distribution, etc | Switzerland: |
| Name of publisher, distributor, etc | The Federation; |
| Date of publication, distribution, etc | 2022. |
| 300 ## - PHYSICAL DESCRIPTION | |
| Pagination | 103 p. : |
| Other physical details | ill. ; |
| Dimensions | 28 cm. |
| 500 ## - GENERAL NOTE | |
| General note | Cover title. |
| 500 ## - GENERAL NOTE | |
| General note | Includes index. |
| 650 #0 - SUBJECT ADDED ENTRY--TOPICAL TERM | |
| Topical term or geographic name as entry element | Basketball Rules. |
| Geographic subdivision | Basket-ball Règles |
| Form subdivision | Basketball Equipment |
| 700 ## - ADDED ENTRY--PERSONAL NAME | |
| Personal name | Board,FIBA Central |
| 942 ## - ADDED ENTRY ELEMENTS (KOHA) | |
| Source of classification or shelving scheme | Dewey Decimal Classification |
| Koha item type | Books |
| Source of classification or shelving scheme | Damaged status | Not for loan | Home library | Current library | Shelving location | Date of accession | Total Checkouts | Full call number | Barcode | Date last seen | Date checked out | Copy number | Method of acquisition | Koha item type | Currency |
|---|---|---|---|---|---|---|---|---|---|---|---|---|---|---|---|
| Dewey Decimal Classification | JCC Rouf Library | JCC Rouf Library | General Stacks | 01/24/2021 | 1 | 796.32 FIB 2022 | 18659 | 11/19/2025 | 11/05/2025 | C-1 | Purchase | Books | BDT |